| 000 | 00498cam a2200205ua 4500 | ||
|---|---|---|---|
| 001 | 847 | ||
| 005 | 20260515113231.0 | ||
| 008 | 110421n ii |||gr||||Z||||||eng | ||
| 020 | _a81-207-0468-1 | ||
| 040 | _cMAIN | ||
| 082 | _a320.3 | ||
| 245 | 1 |
_aComparative politics. _cBy J C Johari. |
|
| 250 | _a3rd. | ||
| 260 |
_aNew Delhi.: _bSterling.,995. |
||
| 300 |
_axvi, 600 p.: _c25 cm. |
||
| 653 | _aPolitical science. | ||
| 653 | _aComparative politics. | ||
| 700 | _aJohari, J C., | ||
| 942 | _cBK | ||
| 999 |
_c771 _d771 |
||